| Tag |
First Indicator |
Second Indicator |
Subfields |
| LEADER |
00000cam a2200000 4500 |
| 001 |
in00000060272 |
| 005 |
20151008051619.0 |
| 008 |
750523s1942 nyu 00000 eng u |
| 010 |
|
|
|a 42009421
|
| 035 |
|
|
|a (OCoLC)01355142
|
| 035 |
|
|
|9 AAG8967AM
|
| 040 |
|
|
|c DZM
|d TXA
|d UtOrBLW
|
| 049 |
|
|
|a TXAM
|c 2 [129429]
|
| 050 |
0 |
0 |
|a UA927.
|b L3
|
| 082 |
0 |
|
|a 355.23
|
| 092 |
|
|
|a 355.23
|b L222a
|
| 100 |
1 |
|
|a Lambert, Jordan W.
|
| 245 |
1 |
4 |
|a The air raid warden in America /
|c a manual by Jordan W. Lambert ... edited and revised by Lt. Ira W. Hirshfield ...
|
| 264 |
|
1 |
|a New York :
|b Hastings house,
|c [1942]
|
| 300 |
|
|
|a vi, 57 pages ;
|c 19 cm.
|
| 336 |
|
|
|a text
|b txt
|2 rdacontent
|
| 337 |
|
|
|a unmediated
|b n
|2 rdamedia
|
| 338 |
|
|
|a volume
|b nc
|2 rdacarrier
|
| 650 |
|
0 |
|a Projectiles, Incendiary.
|
| 650 |
|
0 |
|a Gases, Asphyxiating and poisonous
|x War use.
|
| 650 |
|
0 |
|a Civil defense
|z United States.
|
| 700 |
1 |
|
|a Hirshfield, Ira W.
|
| 999 |
|
|
|a MARS
|
| 999 |
f |
f |
|s 1893cd14-3b68-315e-93bd-1f8f42fb8cd0
|i 72d3453f-ad7e-32a5-9630-ae9935726776
|t 0
|
| 952 |
f |
f |
|p ric
|a Texas A&M University
|b Rellis Campus
|c Joint Library Facility
|d Remote Storage
|t 0
|e UA927. L3
|h Library of Congress classification
|i unmediated -- volume
|m A14800804613
|
| 998 |
f |
f |
|a UA927. L3
|t 0
|l Remote Storage
|